Loading...
| Fine Arts - Visual | 0 | 5 | 1 | 0 | 45 | 83 | 105.60 | 0 | 3 | 9.19 | 23.15 |
| Fine Arts - Other | 0 | 4 | 0 | 0 | 40 | 112 | 120.50 | 0 | 0 | 0.96 | 14.58 |
| Literature - European | 0 | 4 | 0 | 0 | 40 | 104 | 107.50 | 0 | 1 | 7.33 | 20.83 |
| Geography/Current Events | 0 | 4 | 1 | 0 | 35 | 52 | 61.00 | 3 | 4 | 25.18 | 46.88 |
| History - Other | 0 | 3 | 1 | 1 | 25 | 18 | 66.67 | 1 | 2 | 11.04 | 16.53 |
| Literature - British | 0 | 2 | 0 | 1 | 20 | 128 | 128.50 | 0 | 0 | 0.00 | 2.08 |
| Religion | 0 | 3 | 3 | 1 | 15 | 88 | 106.67 | 0 | 1 | 4.28 | 13.08 |
| History - World | 0 | 2 | 1 | 0 | 15 | 82 | 86.50 | 0 | 1 | 4.91 | 10.42 |
| Philosophy | 0 | 1 | 0 | 0 | 10 | 106 | 106.00 | 0 | 0 | 0.85 | 5.21 |
| History - European | 0 | 2 | 3 | 1 | 5 | 94 | 113.00 | 0 | 0 | 1.46 | 5.51 |
| Literature - World/Other | 0 | 1 | 1 | 1 | 5 | 141 | 141.00 | 0 | 0 | 0.12 | 2.08 |
| Pop Culture | 0 | 1 | 1 | 0 | 5 | 91 | 91.00 | 0 | 1 | 11.97 | 25.00 |
| Social Science | 0 | 0 | 0 | 0 | 0 | 0.00 | 0 | 0 | 0.00 | 0.00 | |
| Other Academic | 0 | 0 | 1 | 0 | -5 | 0.00 | 0 | 0 | 0.00 | 0.00 | |
| Science - Other | 0 | 0 | 2 | 0 | -10 | 0.00 | 0 | 0 | 0.00 | 0.00 |